00473cam a2200169ua 4500001000400000008003900004040000900043082000800052245005500060250000900115260006000124300001700184653002300201653002000224700002800244700003100272682110412n ii |||gr||||Z||||||eng cMAIN a352 aSthaniya sayatya sakhan.cBy Migendra Narayan Das. a3rd. aDibrugarh.:bPathyaputhi prastuti samannay samiti.,982. a300 p.:5 cm. aPolitical science. aSayatta sakhan.1 aDas, Migendra Narayan.,1 aBorgohain, Munindra Nath.,